OPERATIONS OF THE ZHOB FILED FORCE (Record no. 581741)
[ view plain ]
| 000 -LEADER | |
|---|---|
| fixed length control field | 00250nam a22001097a 4500 |
| 082 ## - DEWEY DECIMAL CLASSIFICATION NUMBER | |
| Classification number | 355.49541-R MAS'O |
| 100 ## - MAIN ENTRY--PERSONAL NAME | |
| Personal name | MASON, A. H |
| 9 (RLIN) | 76348 |
| 245 ## - TITLE STATEMENT | |
| Title | OPERATIONS OF THE ZHOB FILED FORCE |
| 260 ## - PUBLICATION, DISTRIBUTION, ETC. | |
| Place of publication, distribution, etc. | QUETTA |
| Name of publisher, distributor, etc. | NIS |
| Date of publication, distribution, etc. | 1978 |
| 300 ## - PHYSICAL DESCRIPTION | |
| Extent | 92P |
| 942 ## - ADDED ENTRY ELEMENTS (KOHA) | |
| Koha item type | Book |
| Withdrawn status | Lost status | Damaged status | Not for loan | Permanent Location | Current Location | Shelving location | Date acquired | Total Checkouts | Full call number | Barcode | Date last seen | Price effective from | Koha item type |
|---|---|---|---|---|---|---|---|---|---|---|---|---|---|
| College of Electrical & Mechanical Engineering (CEME) | College of Electrical & Mechanical Engineering (CEME) | General Stacks | 05/29/2017 | 355.49541-R MAS'O | CEME-11951 | 06/28/2021 | 06/28/2021 | Book |
